| Tag |
First Indicator |
Second Indicator |
Subfields |
| LEADER |
00000cam a2200000Ka 4500 |
| 001 |
in00002785830 |
| 005 |
20150922151356.0 |
| 006 |
m fo d |
| 007 |
cr unu|||||||| |
| 008 |
121127s2012 txu obm 000 0 eng d |
| 035 |
|
|
|a (OCoLC)ocn819450065
|
| 035 |
|
|
|a (OCoLC)819450065
|
| 035 |
|
|
|a (TxCM)http://hdl.handle.net/1969.1/ETD-TAMU-2012-08-11580
|
| 040 |
|
|
|a TXA
|c TXA
|d UtOrBLW
|
| 049 |
|
|
|a TXAM
|
| 099 |
|
|
|a 2012
|a Dissertation
|a 1969.1/ETD-TAMU-2012-08-11580
|
| 100 |
1 |
|
|a Villarreal, Edgar Javier.
|
| 245 |
1 |
0 |
|a Post-traumatic stress disorder (PTSD) symptoms as predictors of suicide behavior among veterans with and without a history of traumatic brain injury (TBI) /
|c by Edgar Javier Villarreal.
|
| 264 |
|
1 |
|a [College Station, Tex.] :
|b [Texas A&M University],
|c [2012]
|
| 300 |
|
|
|a 1 online resource.
|
| 336 |
|
|
|a text
|b txt
|2 rdacontent
|
| 337 |
|
|
|a computer
|b c
|2 rdamedia
|
| 338 |
|
|
|a online resource
|b cr
|2 rdacarrier
|
| 500 |
|
|
|a "Major Subject: Counseling Psychology"
|
| 588 |
|
|
|a Description from author supplied metadata (automated record created 2012-10-22 13:24:58).
|
| 502 |
|
|
|b Doctor of Philosophy
|c Texas A&M University
|d 2012
|o http://hdl.handle.net/1969.1/ETD-TAMU-2012-08-11580
|
| 504 |
|
|
|a Includes bibliographical references.
|
| 516 |
|
|
|a Text (Dissertation)
|
| 520 |
3 |
|
|a Prior research has established that a history of post-traumatic stress disorder (PTSD) and/or traumatic brain injury (TBI) increases the risk of suicide behavior. Few studies have examined the role of specific PTSD symptom clusters and suicide attempts. The current study is among a handful of studies that have examined the association between the presence of PTSD symptom clusters and suicide attempts among Veterans with PTSD and/or TBI. The study utilized archival data from a sample of 137 Veterans receiving mental health treatment at the Denver Veteran Affairs Medical Center. Results from logistic regression analyses indicated that PTSD symptom clusters were not associated with an increased risk for suicide behavior among individuals with and without a history of TBI. Results suggest that looking at the presence of PTSD symptoms is not sufficient to account for the risk of suicide behavior. Clinical and research implications on the need to examine the role of PTSD symptom severity and suicide behavior are discussed.
|
| 500 |
|
|
|a Electronic resource.
|
| 650 |
|
4 |
|a Major Counseling Psychology.
|
| 653 |
|
|
|a TBI
|
| 653 |
|
|
|a suicide attempts
|
| 653 |
|
|
|a Veterans
|
| 653 |
|
|
|a suicide
|
| 653 |
|
|
|a Post-Traumatic Stress Disorder
|
| 653 |
|
|
|a Traumatic Brain Injury
|
| 653 |
|
|
|a suicide behavior
|
| 653 |
|
|
|a suicide risk
|
| 653 |
|
|
|a PTSD symptoms
|
| 653 |
|
|
|a PTSD
|
| 700 |
1 |
|
|a Brossart, Daniel F.,
|e thesis advisor.
|
| 700 |
1 |
|
|a Elliott, Timothy R.,
|e thesis advisor.
|
| 856 |
4 |
0 |
|u http://hdl.handle.net/1969.1/ETD-TAMU-2012-08-11580
|z Link to OAK Trust copy
|t 0
|
| 994 |
|
|
|a C0
|b TXA
|
| 948 |
|
|
|a cataloged
|b h
|c 2012/11/27
|d o
|e blrosas
|f 3:28:13 pm
|
| 999 |
|
|
|a MARS
|
| 999 |
f |
f |
|s 76d864fa-f12d-319a-aeb8-40b95d6e8a92
|i f8c7fa08-a4b4-377c-b9fa-977d6ccf920c
|t 0
|
| 952 |
f |
f |
|a Texas A&M University
|b College Station
|c Electronic Resources
|d Available Online
|t 0
|e 2012 Dissertation 1969.1/ETD-TAMU-2012-08-11580
|h Other scheme
|
| 998 |
f |
f |
|a 2012 Dissertation 1969.1/ETD-TAMU-2012-08-11580
|t 0
|l Available Online
|